000 01050pam a2200301 a 4500
001 672543
003 Ke-BoTe
005 20220525093955.0
008 950825s1996 mauaf b 001 0 eng c
010 _a 95036198
020 _a0865423733 (alk. paper)
040 _aDNLM/DLC
_cDLC
_dDLC
050 0 0 _aRC48.6
_b.W65 1996
060 1 0 _aWA 309 W8745 1996
082 0 0 _a616/.0082
_220
245 0 0 _aWomen's medicine /
_cedited by Richard E. Blackwell.
260 _aCambridge, Mass. :
_bBlackwell Science ;
_cc1996.
300 _a644 p., [4] p. of plates :
_bcol ill . ;
_c26 cm.
504 _aIncludes bibliographical references and index.
650 0 _aWomen
_xDiseases.
_96586
650 0 _aWomen's health services.
_96692
650 1 2 _aWomen's Health.
_96693
650 2 2 _aClinical Medicine.
_93292
700 1 _aBlackwell, Richard E.
_96694
906 _a7
_bcbc
_corignew
_d1
_eocip
_f19
_gy-gencatlg
942 _2lcc
_cBK
_n0
999 _c3200
_d3200